Manṭiq Arisṭū /
Main Author:
Other Authors:
Format: Book
Language: Arabic
Published:
al-Qāhirah :
Dār al-Kutub al-Misṛīyah,
1949-1952.
Series:
Dirāsāt Islāmīyah ;
7.
Subjects:
Tags: Add Tag
Call Number: B491 .L8 A85 v.2-3
| LEADER | 01258nam a2200289Ia 4500 | ||
|---|---|---|---|
| 003 | OSt | ||
| 005 | 20221220141838.0 | ||
| 008 | 130303m19491952ua g 000 0 ara d | ||
| 952 | |0 0 |1 0 |2 lcc |3 V.2 |4 0 |6 B0491 L8 A85 V.00002-00003 |7 1 |9 45157 |a ARCE |b ARCE |d 2022-12-20 |l 0 |o B491 .L8 A85 v.2-3 |p 1019330 |r 2022-12-20 00:00:00 |w 2022-12-20 |y BK | ||
| 952 | |0 0 |1 0 |2 lcc |3 V.3 |4 0 |6 B0491 L8 A85 V.00002-00003 |7 1 |9 63418 |a ARCE |b ARCE |d 2024-02-28 |l 0 |o B491 .L8 A85 v.2-3 |p 1019331 |r 2024-02-28 00:00:00 |w 2024-02-28 |y BK | ||
| 999 | |c 28412 |d 28412 | ||
| 040 | |c ARCE Library | ||
| 050 | 4 | |a B491 .L8 A85 v.2-3 | |
| 100 | 0 | |a Aristotle, |e author |9 25606 | |
| 240 | 1 | 0 | |a Organon. |l Arabic. |
| 245 | 1 | 0 | |6 880-02 |a Manṭiq Arisṭū / |c ḥaqqaqahu wa-qaddama lahu ʻAbd al-Raḥmān Badawi. |
| 264 | 1 | |a al-Qāhirah : |b Dār al-Kutub al-Misṛīyah, |c 1949-1952. | |
| 300 | |a volumes <2-3> ; |c 24 cm. | ||
| 490 | 1 | |a Dirāsāt Islāmīyah ; |v 7. | |
| 600 | 0 | 0 | |a Aristotle |x Logic. |9 25606 |
| 650 | 0 | |a Logic |v Early works to 1800. | |
| 700 | 1 | |a Badawī, ʿAbd al-Raḥmān. | |
| 740 | 0 | |a Organon Aristotelis. | |
| 830 | 0 | |a Dirāsāt Islāmīyah ; |v 7. | |
| 880 | 1 | 0 | |6 245-02/(3/r |a منطق أرسطو |c حققه و قدم له عبد الرحمن بدوي |
| 901 | |a reviewed | ||
| 942 | |c BK |2 lcc | ||
